Derecho civil, derecho de sucesiones : (Record no. 147510)

MARC details
000 -LEADER
fixed length control field 00627cam a2200181 4500
008 - FIXED-LENGTH DATA ELEMENTS--GENERAL INFORMATION
fixed length control field 090423t20052005sp 000 0 spa u
020 ## - INTERNATIONAL STANDARD BOOK NUMBER
International Standard Book Number 849772772
050 04 - LIBRARY OF CONGRESS CALL NUMBER
Classification number KKT1846
Item number E76 2005
100 1# - MAIN ENTRY--PERSONAL NAME
Personal name Espinosa Infante, José Miguel
245 10 - TITLE STATEMENT
Title Derecho civil, derecho de sucesiones :
Remainder of title Contestaciones al programa de oposiciones a notarías /
Statement of responsibility, etc José Miguel Espinosa Infante.
250 ## - EDITION STATEMENT
Edition statement 1a ed.
260 ## - PUBLICATION, DISTRIBUTION, ETC. (IMPRINT)
Place of publication, distribution, etc Madrid, España :
Name of publisher, distributor, etc DYKINSON,
Date of publication, distribution, etc 2005
300 ## - PHYSICAL DESCRIPTION
Extent 457 páginas ;
Dimensions 24 cm.
504 ## - BIBLIOGRAPHY, ETC. NOTE
Bibliography, etc Incluye índice analítico
650 #7 - SUBJECT ADDED ENTRY--TOPICAL TERM
Topical term or geographic name as entry element Notarios
Geographic subdivision España
Source of heading or term Lemb
650 #7 - SUBJECT ADDED ENTRY--TOPICAL TERM
Topical term or geographic name as entry element Derecho civil
Geographic subdivision España
Source of heading or term Lemb
942 ## - ADDED ENTRY ELEMENTS (KOHA)
Source of classification or shelving scheme Biblioteca del Cogreso de los Estados Unidos
Koha item type Libro
Holdings
Estado de pérdida Fuente de clasificación Estado del daño No para préstamo Ubicación permanente Ubicación actual Apartado o colección Fecha de adquisición Edición Dependencia de educación superior (DES) Área del conocimiento Total Checkouts Clasificación Código de Barras Date last seen Número de copia Costo por reposición Tipo de recurso
  Biblioteca del Cogreso de los Estados Unidos     Biblioteca de la Facultad de Derecho y Ciencias Sociales "Felipe J. Tena" Biblioteca de la Facultad de Derecho y Ciencias Sociales "Felipe J. Tena" General 27/05/2022 1a ed. Derecho Ciencias Sociales y Administrativas   KKT1846 E76 2005 BFD000013170 27/05/2022 1 1.00 Libro